Democracy and good governance: (Record no. 187327)

MARC details
000 -LEADER
fixed length control field 00620nam a22001817a 4500
005 - DATE AND TIME OF LATEST TRANSACTION
control field 20220412150646.0
010 ## - LCCN (DPL NO)
LC control number ENG-132288
020 ## - INTERNATIONAL STANDARD BOOK NUMBER
International Standard Book Number 9789386473004
Terms of availability 695.00
035 ## - SYSTEM CONTROL NUMBER
System control number EN-115820
037 ## - SOURCE OF ACQUISITION
Source of stock number/acquisition DBAD/PUB
082 ## - DEWEY DECIMAL CLASSIFICATION NUMBER
Classification number 321.80954
100 ## - MAIN ENTRY--PERSONAL NAME
Personal name Kashyap,Sunhash C
245 ## - TITLE STATEMENT
Title Democracy and good governance:
Remainder of title some guidelines for today's parliamentarians/
Statement of responsibility, etc Subhash C Kashyap
260 ## - PUBLICATION, DISTRIBUTION, ETC. (IMPRINT)
Place of publication, distribution, etc New Delhi
Name of publisher, distributor, etc Vitasta Publishing Pvt Ltd
Date of publication, distribution, etc 2017
270 ## - ADDRESS
City New Delhi
Address 2/15,Ansari Road, Daryaganj
Postal code 110002
Electronic mail address info@vitastapublishing.com
300 ## - PHYSICAL DESCRIPTION
Extent 420p.
Dimensions 22cm(hbk)
942 ## - ADDED ENTRY ELEMENTS (KOHA)
Source of classification or shelving scheme Dewey Decimal Classification
Item type English Books
Call number suffix KAS
Classification part 321.80954
Holdings
Withdrawn status Lost status Not for loan Collection code Home library Current library Date acquired Source of acquisition Cost, normal purchase price Full call number Barcode Copy number Cost, replacement price Koha item type
      Non-fiction Patel Nagar Patel Nagar 12/04/2022 DBAD/PUB 695.00 321.80954 KAS EN-115820 1 695.00 English Books

© Delhi Public Library
Hit Counter
free hit counter